000 00694nam a2200193 a 4500
003 0
005 20250224104948.0
008 110105s19uu xx 00 eng d
050 _aPHS KZ 7220
_b.M41 2010
100 _aMatsuda, Hiroshi V.
245 _aThe international policy towards terrorism in the post-9/11 world /
_cHiroshi V. Matsuda.
260 _aLas PiƱas City, Philippines :
_bSouthville International School and Colleges,
_c2010.
300 _a50 pages ;
_c30 cm.
504 _aIncludes bibliographical references.
650 _aCounterterrorism
_xInternational cooperation.
650 _aTerrorism
_xGovernment policy.
650 _aSecurity, International.
942 _2lcc
_cPASS
999 _c98485
_d98485